| 000 | 00399nam a2200157Ia 4500 | ||
|---|---|---|---|
| 008 | 220803s9999 xx 000 0 und d | ||
| 020 | _a9788189995966 | ||
| 041 | _aeng | ||
| 082 | _a720.91 NAN | ||
| 100 |
_aNanda R Ed. _927312 |
||
| 245 | _aHumayun's Tomb Conservation | ||
| 260 |
_aAhmedabad _bMapin Publishing _c2017 |
||
| 300 | _a198p | ||
| 500 | _aARCHI | ||
| 650 |
_aHindu Architecture _927313 |
||
| 999 |
_c17382 _d17382 |
||